[Event "IECC KO-5057"]
[Site "IECC email"]
[Date "2006.11.27"]
[Round "?"]
[White "Bielewicz, Julian"]
[Black "Lagerlof, Folke"]
[Result "1-0"]
[WhiteElo "1197"]
[BlackElo "1472"]
[PlyCount "93"]
[EventDate "2006.??.??"]
[EventType "match (corr)"]
[EventRounds "2"]
[SourceTitle "Corr 2020"]
[Source "ChessBase"]
[SourceDate "2019.09.30"]
[SourceVersion "1"]
[SourceVersionDate "2019.09.30"]
[SourceQuality "1"]
[WhiteTeam "Australia"]
[BlackTeam "Sweden"]
[WhiteTeamCountry "AUS"]
[BlackTeamCountry "SWE"]

1. Nf3 Nf6 2. g3 g6 3. Bg2 Bg7 4. 0-0 0-0 5. d3 c5 6. e4 Nc6 7. Nbd2 d6 8. c3 Bd7 9. Re1 Rc8 10. Nc4 b5 11. Ne3 e6 12. a4 a6 13. Nc2 Qb6 14. h3 b4 15. Nd2 d5 16. Ne3 Ne5 17. Qe2 Bc6 18. f4 Ned7 19. e5 Ne8 20. Nf3 Nc7 21. a5 Qb7 22. cxb4 Qxb4 23. Bd2 Qb7 24. Rab1 Nb5 25. b4 cxb4 26. Bxb4 Rfe8 27. Rec1 Bf8 28. Bxf8 Rxf8 29. Qd2 Qa7 30. d4 f6 31. Rb4 Kg7 32. exf6+ Nxf6 33. Ne5 Ba8 34. Rc2 Rxc2 35. Nxc2 Rc8 36. Kh2 Qc7 37. Rb2 Ne4 38. Qb4 Ned6 39. Na3 Qc3 40. Nxb5 Qxb4 41. Rxb4 axb5 42. Bf1 Bc6 43. a6 Nc4 44. Nd3 Ne3 45. Rb1 Nc2 46. Rc1 Ne3 47. Bg2 1-0

[Event "IECG CP.2001.Q.00001 email"]
[Site "IECG email"]
[Date "2002.10.01"]
[Round "?"]
[White "Kerr, Stephen GR"]
[Black "Lagerlof, Folke"]
[Result "1-0"]
[WhiteElo "2553"]
[BlackElo "1996"]
[PlyCount "57"]
[EventDate "2002.10.01"]
[EventType "tourn (corr)"]
[EventRounds "6"]
[EventCountry "AUS"]
[SourceTitle "Corr 2008"]
[Source "ChessBase"]
[SourceDate "2008.06.24"]
[SourceVersion "1"]
[SourceVersionDate "2008.06.24"]
[SourceQuality "1"]

1. c4 Nf6 2. g3 e6 3. Bg2 d5 4. Nf3 dxc4 5. 0-0 Nbd7 6. Na3 Bxa3 7. bxa3 0-0 8. Qc2 c5 9. Qxc4 b6 10. d3 Bb7 11. Bb2 Qc7 12. a4 a6 13. Rfc1 Rfc8 14. Qh4 h6 15. g4 Rab8 16. g5 hxg5 17. Qxg5 Qd8 18. Rc4 Nf8 19. Be5 Ra8 20. Rb1 Bd5 21. Rc2 N8d7 22. Ba1 Ne8 23. Qf4 Qc7 24. Qh4 f6 25. e4 Bc6 26. Qh3 Kf7 27. e5 f5 28. Ng5+ Ke7 29. Qh5 1-0

[Event "IECG CP.2001.Q.00001 email"]
[Site "IECG email"]
[Date "2002.10.01"]
[Round "?"]
[White "Lagerlof, Folke"]
[Black "Helbig, Andreas"]
[Result "0-1"]
[WhiteElo "1996"]
[BlackElo "1981"]
[PlyCount "52"]
[EventDate "2002.10.01"]
[EventType "tourn (corr)"]
[EventRounds "6"]
[EventCountry "AUS"]
[SourceTitle "Corr 2008"]
[Source "ChessBase"]
[SourceDate "2008.06.24"]
[SourceVersion "1"]
[SourceVersionDate "2008.06.24"]
[SourceQuality "1"]

1. e4 c6 2. d4 d5 3. Nd2 dxe4 4. Nxe4 Bf5 5. Ng3 g6 6. Nf3 e6 7. Nxf5 gxf5 8. Bd3 Nd7 9. Bd2 Qc7 10. Qe2 0-0-0 11. Ne5 Nxe5 12. Qxe5 Qxe5+ 13. dxe5 Bc5 14. f4 Ne7 15. 0-0-0 Nd5 16. Rhe1 Rhg8 17. Bf1 Bg1 18. c4 Ne7 19. h3 Bh2 20. Re2 Rd4 21. Rf2 Ng6 22. Be3 Bxf4 23. Bxf4 Rxf4 24. Rxf4 Nxf4 25. Rd2 Rg3 26. Kd1 Ng6 0-1

[Event "IECG CP.2001.Q.00001 email"]
[Site "IECG email"]
[Date "2002.10.01"]
[Round "?"]
[White "Lagerlof, Folke"]
[Black "Monasterio, Manuel Gerardo"]
[Result "1/2-1/2"]
[WhiteElo "1996"]
[BlackElo "2154"]
[PlyCount "58"]
[EventDate "2002.10.01"]
[EventType "tourn (corr)"]
[EventRounds "6"]
[EventCountry "AUS"]
[SourceTitle "Corr 2008"]
[Source "ChessBase"]
[SourceDate "2008.06.24"]
[SourceVersion "1"]
[SourceVersionDate "2008.06.24"]
[SourceQuality "1"]

1. e4 e6 2. d4 d5 3. Nd2 Nf6 4. e5 Nfd7 5. Bd3 c5 6. c3 Nc6 7. Ngf3 Qb6 8. 0-0 g6 9. Re1 Bg7 10. dxc5 Nxc5 11. Nb3 Nxd3 12. Qxd3 Qc7 13. Bf4 h6 14. h4 Bd7 15. Nbd4 a6 16. Bg3 Nxd4 17. Nxd4 h5 18. f4 Qc4 19. Qxc4 dxc4 20. Rad1 0-0 21. Bf2 Rfd8 22. Be3 Bf8 23. Kf2 Be7 24. g3 Be8 25. Kf3 Rdc8 26. Bf2 Bc5 27. Be3 Bxd4 28. Bxd4 Bc6+ 29. Kf2 Bd5 1/2-1/2

[Event "IECG CP.2001.Q.00001 email"]
[Site "IECG email"]
[Date "2002.10.01"]
[Round "?"]
[White "Oestergaard, Allan"]
[Black "Lagerlof, Folke"]
[Result "1/2-1/2"]
[WhiteElo "2153"]
[BlackElo "1996"]
[PlyCount "90"]
[EventDate "2002.10.01"]
[EventType "tourn (corr)"]
[EventRounds "6"]
[EventCountry "AUS"]
[SourceTitle "Corr 2008"]
[Source "ChessBase"]
[SourceDate "2008.06.24"]
[SourceVersion "1"]
[SourceVersionDate "2008.06.24"]
[SourceQuality "1"]

1. e4 c6 2. d4 d5 3. Nc3 dxe4 4. Nxe4 Bf5 5. Ng3 Bg6 6. h4 h6 7. h5 Bh7 8. Bd3 Qxd4 9. Nf3 Qd8 10. Bxh7 Qxd1+ 11. Kxd1 Rxh7 12. Be3 e6 13. Ke2 Nd7 14. Rhd1 Ngf6 15. c3 0-0-0 16. Rd2 Be7 17. Rad1 Rhh8 18. Bd4 c5 19. Be3 Nd5 20. c4 Nxe3 21. Kxe3 Nb6 22. b3 Rxd2 23. Rxd2 Rd8 24. Rxd8+ Kxd8 25. Ne5 Ke8 26. f4 Nd7 27. Ne4 Nxe5 28. fxe5 Kd7 29. g4 Kc6 30. a4 a6 31. Nf2 b6 32. Ke4 b5 33. axb5+ axb5 34. Kf3 bxc4 35. bxc4 Kb6 36. Ne4 Ka5 37. Ke3 Kb4 38. Kd3 f6 39. Nd6 fxe5 40. Ne8 Bf6 41. g5 e4+ 42. Kxe4 Bxg5 43. Nxg7 Kxc4 44. Nxe6 Bc1 45. Nxc5 Kxc5 1/2-1/2

[Event "IECG CP.2000.P.00069"]
[Site "IECG email"]
[Date "2000.10.01"]
[Round "?"]
[White "Lagerlof, Folke"]
[Black "Ortiz, Eddie"]
[Result "1-0"]
[WhiteElo "1885"]
[BlackElo "800"]
[PlyCount "41"]
[EventDate "2000.10.01"]
[EventType "tourn (corr)"]
[EventRounds "6"]
[EventCountry "ENG"]
[SourceTitle "Corr 2008"]
[Source "ChessBase"]
[SourceDate "2008.06.24"]
[SourceVersion "1"]
[SourceVersionDate "2008.06.24"]
[SourceQuality "1"]

1. d4 d5 2. c4 e6 3. Nc3 c6 4. Nf3 Nf6 5. e3 Nbd7 6. Bd3 Bd6 7. e4 dxe4 8. Nxe4 Nxe4 9. Bxe4 Nf6 10. Bc2 c5 11. 0-0 cxd4 12. Qxd4 0-0 13. Rd1 Bc7 14. Qh4 Bd7 15. Bg5 Re8 16. Bxf6 gxf6 17. Qxh7+ Kf8 18. Bg6 fxg6 19. Nh4 Bxh2+ 20. Kh1 Re7 21. Nxg6+ 1-0

[Event "IECG CP.2000.P.00069"]
[Site "IECG email"]
[Date "2000.10.01"]
[Round "?"]
[White "White, Gary"]
[Black "Lagerlof, Folke"]
[Result "0-1"]
[WhiteElo "866"]
[BlackElo "1885"]
[PlyCount "46"]
[EventDate "2000.10.01"]
[EventType "tourn (corr)"]
[EventRounds "6"]
[EventCountry "ENG"]
[SourceTitle "Corr 2008"]
[Source "ChessBase"]
[SourceDate "2008.06.24"]
[SourceVersion "1"]
[SourceVersionDate "2008.06.24"]
[SourceQuality "1"]

1. e4 c5 2. Nf3 d6 3. Nc3 Nf6 4. d4 cxd4 5. Nxd4 a6 6. Be2 e5 7. Nf3 Be7 8. Be3 0-0 9. 0-0 Qc7 10. Bg5 Nbd7 11. Nd5 Nxd5 12. exd5 Bxg5 13. Nxg5 h6 14. Ne4 f5 15. Nc3 Nf6 16. Qd2 Bd7 17. Rad1 b5 18. a3 Rfb8 19. Bd3 a5 20. b4 axb4 21. axb4 Ra3 22. Ne2 e4 23. Bxe4 Nxe4 0-1

[Event "IECG C1.2000.0.00271"]
[Site "IECG email"]
[Date "2000.03.22"]
[Round "?"]
[White "Lagerlof, Folke"]
[Black "Luehrig, Walter"]
[Result "0-1"]
[WhiteElo "1853"]
[BlackElo "1845"]
[PlyCount "78"]
[EventDate "2000.03.28"]
[EventType "tourn (corr)"]
[EventRounds "6"]
[SourceTitle "Corr 2008"]
[Source "ChessBase"]
[SourceDate "2008.06.24"]
[SourceVersion "1"]
[SourceVersionDate "2008.06.24"]
[SourceQuality "1"]

1. d4 Nf6 2. c4 g6 3. Nc3 Bg7 4. e4 d6 5. h3 0-0 6. Bg5 Na6 7. Bd3 e5 8. d5 Qe8 9. Nge2 Nd7 10. 0-0 f5 11. exf5 gxf5 12. f4 e4 13. Bc2 Qh5 14. Nd4 Qxd1 15. Raxd1 Nb4 16. Bb1 Nc5 17. Ndb5 Rf7 18. Bd8 Nbd3 19. Nxc7 Rb8 20. N7b5 Nxb2 21. Rc1 Bd7 22. Bc7 Rc8 23. Bxd6 Ncd3 24. Bxd3 Nxd3 25. Be5 Nxc1 26. Rxc1 Bf8 27. Nc7 Bc5+ 28. Kf1 h5 29. Ke2 h4 30. Rb1 b6 31. Rd1 Kh7 32. Kf1 Kg6 33. Ke2 Rh7 34. Na6 Kf7 35. Nb5 Rh6 36. a4 Rg6 37. Kf1 Be3 38. Ke2 Rxc4 39. Kxe3 Rxa4 0-1

[Event "IECG TE.1999.P.00106 email"]
[Site "IECG email"]
[Date "1999.11.01"]
[Round "?"]
[White "Lagerlof, Folke"]
[Black "Dannenberg, Arne"]
[Result "0-1"]
[WhiteElo "1855"]
[BlackElo "1789"]
[PlyCount "75"]
[EventDate "1999.11.01"]
[EventType "tourn (corr)"]
[EventRounds "8"]
[SourceTitle "Corr 2008"]
[Source "ChessBase"]
[SourceDate "2008.06.24"]
[SourceVersion "1"]
[SourceVersionDate "2008.06.24"]
[SourceQuality "1"]

1. d4 Nf6 2. c4 g6 3. Nc3 Bg7 4. e4 d6 5. f3 0-0 6. Be3 Nc6 7. Nge2 a6 8. Qd2 Rb8 9. h4 h5 10. Nc1 e5 11. d5 Nd4 12. N1e2 c5 13. dxc6 bxc6 14. Nxd4 exd4 15. Bxd4 Re8 16. Be2 d5 17. cxd5 cxd5 18. e5 Nd7 19. f4 Bh6 20. g4 Nxe5 21. Bxe5 Rxe5 22. g5 Rxe2+ 23. Qxe2 Bg7 24. Rh2 Bg4 25. Qd3 Qb6 26. Kf1 Bf5 27. Qd2 d4 28. Nd1 Rc8 29. Rc1 Rxc1 30. Qxc1 Qe6 31. Qd2 Bh3+ 32. Kf2 Qg4 33. b3 d3 34. Rxh3 Qxh3 35. Qe3 Qxh4+ 36. Qg3 Bd4+ 37. Kg2 Qxg3+ 38. Kxg3 0-1

[Event "IECG TE.1999.P.00106 email"]
[Site "IECG email"]
[Date "1999.11.01"]
[Round "?"]
[White "Lagerlof, Folke"]
[Black "Essman, Alyn V"]
[Result "1-0"]
[WhiteElo "1855"]
[BlackElo "800"]
[PlyCount "87"]
[EventDate "1999.11.01"]
[EventType "tourn (corr)"]
[EventRounds "8"]
[SourceTitle "Corr 2008"]
[Source "ChessBase"]
[SourceDate "2008.06.24"]
[SourceVersion "1"]
[SourceVersionDate "2008.06.24"]
[SourceQuality "1"]

1. d4 Nf6 2. c4 g6 3. Nc3 Bg7 4. e4 d6 5. f3 0-0 6. Be3 Nc6 7. Qd2 a6 8. Nge2 e5 9. d5 Na7 10. Ng3 Bd7 11. Bd3 c5 12. a4 a5 13. 0-0 Ne8 14. Bg5 f6 15. Be3 Nc7 16. b3 Na6 17. Rae1 Nb4 18. Bb1 b6 19. Rf2 Rf7 20. Rfe2 Nc8 21. Nb5 Bxb5 22. cxb5 Ne7 23. Nh1 Qd7 24. Nf2 f5 25. Nd1 f4 26. Bf2 g5 27. Nb2 Ng6 28. Nc4 Qd8 29. Rf1 h5 30. Rc1 g4 31. Qc3 Bf6 32. Kh1 Nh4 33. Rg1 Rg7 34. Bxh4 Bxh4 35. g3 Bg5 36. fxg4 hxg4 37. gxf4 Bxf4 38. Reg2 Raa7 39. Rxg4 Rg5 40. Rxg5+ Bxg5 41. Nxd6 Rg7 42. Qxe5 Bf6 43. Qe6+ Kh7 44. e5+ 1-0

[Event "IECG CP.1998.P.00029"]
[Site "IECG email"]
[Date "1998.??.??"]
[Round "?"]
[White "Daurelle, Herve"]
[Black "Lagerlof, Folke"]
[Result "1/2-1/2"]
[WhiteElo "2291"]
[BlackElo "1760"]
[PlyCount "58"]
[EventDate "1998.10.01"]
[EventType "tourn (corr)"]
[EventRounds "6"]
[EventCountry "FRA"]
[SourceTitle "Corr 2008"]
[Source "ChessBase"]
[SourceDate "2008.06.24"]
[SourceVersion "1"]
[SourceVersionDate "2008.06.24"]
[SourceQuality "1"]

1. e4 c5 2. Nf3 d6 3. d4 cxd4 4. Nxd4 Nf6 5. Nc3 Nc6 6. Bg5 Bd7 7. Qd2 Rc8 8. 0-0-0 Nxd4 9. Qxd4 Qa5 10. f4 h6 11. Bh4 g5 12. e5 Bg7 13. Bf2 Nh5 14. Qxa7 Qxa7 15. Bxa7 dxe5 16. Nd5 Bc6 17. fxe5 Bxe5 18. Bd4 Bxd4 19. Rxd4 Ng7 20. Rd2 Nf5 21. Bd3 Nd6 22. Nb6 Rd8 23. Re1 e6 24. Rf2 0-0 25. Rfe2 Kg7 26. a3 Rfe8 27. g3 Nb5 28. Rf2 Nd4 29. Ref1 f5 1/2-1/2

[Event "IECG CP.1997.S.00005"]
[Site "IECG email"]
[Date "1998.??.??"]
[Round "?"]
[White "Hage, Henk H"]
[Black "Lagerlof, Folke"]
[Result "1-0"]
[WhiteElo "2172"]
[BlackElo "1808"]
[PlyCount "29"]
[EventDate "1998.11.20"]
[EventType "tourn (corr)"]
[EventRounds "10"]
[SourceTitle "Corr 2008"]
[Source "ChessBase"]
[SourceDate "2008.06.24"]
[SourceVersion "1"]
[SourceVersionDate "2008.06.24"]
[SourceQuality "1"]

1. e4 c5 2. Nf3 d6 3. d4 cxd4 4. Nxd4 Nf6 5. Nc3 Nc6 6. Bg5 Bd7 7. Be2 Qa5 8. Bxf6 gxf6 9. 0-0 Rg8 10. Nd5 Nxd4 11. Qxd4 Bg7 12. Rad1 Rd8 13. Bc4 Kf8 14. b4 Qa4 15. Nxe7 1-0

[Event "IECG CP.1997.S.00005"]
[Site "IECG email"]
[Date "1998.??.??"]
[Round "?"]
[White "Lagerlof, Folke"]
[Black "Hitselberger, Joseph E"]
[Result "1/2-1/2"]
[WhiteElo "1808"]
[BlackElo "2090"]
[PlyCount "60"]
[EventDate "1998.11.20"]
[EventType "tourn (corr)"]
[EventRounds "10"]
[SourceTitle "Corr 2008"]
[Source "ChessBase"]
[SourceDate "2008.06.24"]
[SourceVersion "1"]
[SourceVersionDate "2008.06.24"]
[SourceQuality "1"]

1. e4 c5 2. c3 d5 3. exd5 Qxd5 4. d4 Nf6 5. Nf3 Bg4 6. Be2 e6 7. h3 Bh5 8. 0-0 Nc6 9. Be3 cxd4 10. cxd4 Be7 11. Nc3 Qd6 12. Qb3 0-0 13. Rfd1 Rfd8 14. a3 a6 15. Rac1 b5 16. d5 Na5 17. Qa2 Nxd5 18. Nxd5 exd5 19. Bc5 Qf6 20. Rxd5 Bxc5 21. Rdxc5 Bg6 22. b4 Nb7 23. Rc6 Nd6 24. Qb3 Be4 25. R6c5 h6 26. Ne5 Nf5 27. Bg4 Nd4 28. Qe3 Bf5 29. Bh5 Be6 30. Rc7 Rd5 1/2-1/2

[Event "IECG CP.1997.S.00005"]
[Site "IECG email"]
[Date "1998.??.??"]
[Round "?"]
[White "Lagerlof, Folke"]
[Black "Tamashiro, Ariel"]
[Result "1-0"]
[WhiteElo "1808"]
[BlackElo "1690"]
[PlyCount "25"]
[EventDate "1998.11.20"]
[EventType "tourn (corr)"]
[EventRounds "10"]
[SourceTitle "Corr 2008"]
[Source "ChessBase"]
[SourceDate "2008.06.24"]
[SourceVersion "1"]
[SourceVersionDate "2008.06.24"]
[SourceQuality "1"]

1. e4 c5 2. c3 Nf6 3. e5 Nd5 4. Nf3 Nc6 5. Bc4 Nb6 6. Bb3 d5 7. exd6 Qxd6 8. 0-0 Bg4 9. Bxf7+ Kd8 10. h3 h5 11. d4 cxd4 12. cxd4 Nxd4 13. Qxd4 1-0

[Event "IECG CP.1997.P.00028"]
[Site "IECG email"]
[Date "1997.??.??"]
[Round "?"]
[White "Beckmann, Meinolf"]
[Black "Lagerlof, Folke"]
[Result "1/2-1/2"]
[WhiteElo "1488"]
[BlackElo "1774"]
[PlyCount "71"]
[EventDate "1997.10.27"]
[EventType "tourn (corr)"]
[EventRounds "8"]
[SourceTitle "Corr 2008"]
[Source "ChessBase"]
[SourceDate "2008.06.24"]
[SourceVersion "1"]
[SourceVersionDate "2008.06.24"]
[SourceQuality "1"]

1. d4 Nf6 2. c4 e6 3. Nc3 Bb4 4. Qb3 c5 5. dxc5 Bxc5 6. Nf3 0-0 7. Bg5 Be7 8. e4 d6 9. Rd1 Nc6 10. e5 Ne8 11. Bf4 Qc7 12. exd6 Bxd6 13. Bxd6 Nxd6 14. Be2 a6 15. c5 Nf5 16. 0-0 Bd7 17. Rd2 Nce7 18. Rfd1 Bc6 19. Qc2 Ng6 20. Nd4 Nxd4 21. Rxd4 Rfd8 22. Rd6 Nf4 23. Bd3 Nxd3 24. Qxd3 Rxd6 25. cxd6 Qb6 26. Rd2 Qc5 27. Qe3 Qxe3 28. fxe3 b5 29. b4 Rd8 30. e4 f6 31. e5 fxe5 32. Kf2 Kf7 33. Ke3 h5 34. g3 Kg6 35. Ne4 Bd5 36. h3 1/2-1/2

[Event "IECG CP.1997.P.00028"]
[Site "IECG email"]
[Date "1997.??.??"]
[Round "?"]
[White "Crossley, Peter"]
[Black "Lagerlof, Folke"]
[Result "1/2-1/2"]
[WhiteElo "1743"]
[BlackElo "1774"]
[PlyCount "57"]
[EventDate "1997.10.27"]
[EventType "tourn (corr)"]
[EventRounds "8"]
[SourceTitle "Corr 2008"]
[Source "ChessBase"]
[SourceDate "2008.06.24"]
[SourceVersion "1"]
[SourceVersionDate "2008.06.24"]
[SourceQuality "1"]

1. e4 c5 2. Nf3 d6 3. d4 cxd4 4. Nxd4 Nf6 5. Nc3 a6 6. Bg5 e6 7. Be2 Be7 8. Nb3 0-0 9. 0-0 Nxe4 10. Bxe7 Nxc3 11. Bxd8 Nxd1 12. Be7 Nxb2 13. Bxf8 Kxf8 14. a4 Bd7 15. a5 Na4 16. Nd2 Nc3 17. Bd3 Bb5 18. Bxb5 axb5 19. f3 Nc6 20. Ne4 Nxe4 21. fxe4 Ra6 22. Rfb1 b4 23. Kf2 f6 24. Ke2 h5 25. Kd3 Nxa5 26. Rxb4 Nb3 27. Rxa6 Nc5+ 28. Kc4 bxa6 29. Kd4 1/2-1/2

[Event "IECG CP.1997.P.00028"]
[Site "IECG email"]
[Date "1997.??.??"]
[Round "?"]
[White "Smith, James V"]
[Black "Lagerlof, Folke"]
[Result "1/2-1/2"]
[WhiteElo "2129"]
[BlackElo "1774"]
[PlyCount "62"]
[EventDate "1997.10.27"]
[EventType "tourn (corr)"]
[EventRounds "8"]
[SourceTitle "Corr 2008"]
[Source "ChessBase"]
[SourceDate "2008.06.24"]
[SourceVersion "1"]
[SourceVersionDate "2008.06.24"]
[SourceQuality "1"]

1. e4 e6 2. d4 d5 3. Nd2 a6 4. Ngf3 c5 5. exd5 exd5 6. Be2 c4 7. 0-0 Bd6 8. b3 cxb3 9. axb3 Ne7 10. Re1 Nbc6 11. Nf1 Bg4 12. Ng3 0-0 13. h3 Bxg3 14. fxg3 Bxf3 15. Bxf3 Nf5 16. Ba3 Re8 17. Rxe8+ Qxe8 18. Bxd5 Ncxd4 19. Bb2 Qe3+ 20. Kh2 Qxg3+ 21. Kh1 Rd8 22. Bxb7 Qc7 23. Bxd4 Nxd4 24. Bf3 Nxb3 25. Qxd8+ Qxd8 26. Rxa6 Nd4 27. Ra8 Qxa8 28. Bxa8 Nxc2 29. Kg1 f5 30. Bd5+ Kf8 31. Kf2 Ke7 1/2-1/2